000
00296nam a22001337a 4500
008
170529b xxu||||| |||| 00| 0 eng d
020
_a
2900872893794
041
_a
eng
080
_a
93
100
_a
16
101
_a
SHH
245
_a
GOVERNING STATER&LOCALITIES
_c
SMITH, K.B
942
_2
udc
_c
BK
999
_c
14942
_d
14942